Father Abraham's almanac for the year of our Lord, 1800 ... : Containing, (Besides the astronomical calculations, by Tom Tattle,) judgment of the weather, length of days, festivals and other remarkable days ... : Calculated for the meridian of Philadelphia, but may, without sensible variation, serve for any of the middle states.

Bibliographic Details
Format: eBook
Language:English
Series:Early American imprints. Evans (1639-1800) ; no. 36398.
Subjects:
Online Access:Evans Digital Edition

MARC

Tag First Indicator Second Indicator Subfields
LEADER 00000cam a22000001a 4500
001 in00002160713
006 m e d #
007 cr mn mmmmabba
008 851122s1799 paua s 000 0 eng d
005 20260330192543.6
035 |z w033917 
035 |a MAAR8511221005B 
035 |9 mwa91-53832 
035 |a 336610 
035 |a aas03033917 
040 |a MWA  |c MWA  |e bdrb  |d UtOrBLW 
245 0 0 |a Father Abraham's almanac for the year of our Lord, 1800 ... :  |b Containing, (Besides the astronomical calculations, by Tom Tattle,) judgment of the weather, length of days, festivals and other remarkable days ... : Calculated for the meridian of Philadelphia, but may, without sensible variation, serve for any of the middle states. 
264 3 |a Philadelphia :  |b Printed and sold by Peter Stewart, no. 34. South Second-Street,  |c [1799] 
300 |a 40 unnumbered pages :  |b illustrations 
336 |a text  |b txt  |2 rdacontent 
337 |a computer  |b c  |2 rdamedia 
338 |a online resource  |b cr  |2 rdacarrier 
500 |a The Anatomy is the only illustration. 
510 4 |a Evans  |c 36398 
510 4 |a Drake, M. Almanacs,  |c 10591 
530 |a Microform version available in the Readex Early American Imprints series. 
533 |a Electronic text and image data.  |b [Chester, Vt. :  |c Readex, a division of Newsbank, Inc.,  |d 2002-2004.  |e Includes files in TIFF, GIF and PDF formats with inclusion of keyword searchable text.  |f (Early American imprints. First series ; no. 36398). 
500 |a Electronic resource. 
655 7 |a Almanacs  |z Pennsylvania  |y 1800.  |2 rbgenr 
752 |a United States  |b Pennsylvania  |d Philadelphia. 
830 0 |a Early American imprints.  |n Series I,  |p Evans (1639-1800) ;  |v no. 36398. 
856 4 1 |u http://proxy.library.tamu.edu/login?url=https://opac.newsbank.com/select/evans/36398  |y Evans Digital Edition  |t 0 
999 |a MARS 
999 f f |s b20a1662-dfd3-3285-a3dc-3feafeb15eef  |i 19a60e2e-c7c8-3c2b-bc04-53c3de7e19c7  |t 0 
952 f f |a Texas A&M University  |b College Station  |c Electronic Resources  |s www_evans  |d Available Online  |t 0  |h No information provided 
998 f f |t 0  |l Available Online